| 000 | 00763nam a2200253 a 4500 | ||
|---|---|---|---|
| 999 |
_c2668 _d2668 |
||
| 007 | ta | ||
| 008 | 230222r20222011ii a|||gd|||| 001 0 eng d | ||
| 020 |
_a9788180547294 _cRs. 520.00 |
||
| 040 |
_aKO _beng |
||
| 041 | 0 | _aeng | |
| 044 | _aii | ||
| 082 | 0 | 4 |
_223 _a658.45 _bP1709 |
| 100 | 1 | _aPal, Rajendra | |
| 245 | 1 | 0 |
_aEssentials of Business Communication / _cRajendra Pal and J. S. Korlahalli |
| 250 | _a13th ed. | ||
| 260 |
_aNew Delhi : _bSultan chand and sons, _c2011, reprinted 2022 |
||
| 300 |
_avarious pagination : _b ill. ; _c24 cm |
||
| 650 | 0 |
_aBusiness communication _xBusiness writing _vTextbooks |
|
| 650 | 0 |
_aEnglish language _xBusiness english _vTextbooks |
|
| 700 | 1 |
_aKorlahalli, J. S. _eaut |
|
| 904 | _aA_BOSE | ||
| 942 | _cBK | ||